00511nam a2200205Ia 4500008004100000020001400041050001400055100002000069245002300089245005500112260001500167260001600182260000900198300001600207300002000223300001000243300003700253440000600290500000900296170918s9999 xx 000 0 und d a439386012 bS672 2001 aSnicket, Lemony 4aThe vile village / cby Lemony Snicket ; illustrated by Brett Helquist. aNew York : bScholastic, c2001 a256 pages : billustrations ; c19cm. eA series of unfortunate events ; a7 a1080